00512nam a2200169 4500003001100000005001700011008004100028040003900069041000800108082001700116100003200133245007400165260000900239650003000248700003100278700003300309LK-CoMWRAF20231004121206.0230912b1990 |||||||| |||| 00| 0 eng d aLK-CoMWRAFdLK-CoMWRAFeLK-CoMWRAF aeng a297.122bALI aAl-Madinah, Mushaf et al. aThe Holy Qur-an :bEnglish translation of the meanings and commentary c1990 aQuran-English Translation aEliyasee M. A. H. etrans. aAl-Madinah, Mushaf etrans.